000 00493nam a2200133Ia 4500
008 100328s9999 xx 000 0 und d
082 _b6074
100 _aओक शामराव नीलकंठ
245 _aचोरबाजारांतील चिजा
260 _bभारत-गौरव-ग्रंथमाला
630 _aचोरबाजारांतील चिजा
730 _aचोरबाजारांतील चिजा
942 _cBOOK
999 _c502014
_d502011